000 00685nam a2200253Ia 4500
003 OSt
005 20220918164853.0
006 a|||||r|||| 00| 0
007 ta
008 220917b |||||||| |||| 00| 0 eng d
020 _a0803974094
024 _a2,173
037 _cTextual
040 _aARTS
_cARTS
_beng
041 _2eng
_aeng
082 _a#:(B28), N8 (SD)
100 _aMaruyama Geoffrey M
_921380
245 0 _aBasic of structural equation modeling
260 _aLondon
_bSage Pub Gt. Brit.
_c1998
300 _a268 p.
_ccm.
650 _aSOCIAL SCIENCES
942 _h#:(B28), N8 (SD)
_cTEXL
_2CC
999 _c127120
_d127120